Violencia intrafamiliar: explicaciones prácticas, legislación, jurisprudencia

Salvato in:
Dettagli Bibliografici
Ente Autore: Departamento de Estudios Legislativos y Jurisprudenciales (Autore)
Natura: Libro
Lingua:spagnolo
Pubblicazione: Santiago El Jurista 2009
Edizione:1a. ed
Soggetti:
Tags: Aggiungi Tag
Nessun Tag, puoi essere il primo ad aggiungerne!!

MARC

LEADER 00000nam a2200000 a 4500
001 UCH7777
003 CL-VaPUC
008 091126e20090000CL |||||||||||||||||spa|d
020 |a 9789568839024 
082 0 4 |a 362.8292  |b DEP  |2 21 
110 2 |a Departamento de Estudios Legislativos y Jurisprudenciales  |e author  |9 544128 
245 1 0 |a Violencia intrafamiliar: explicaciones prácticas, legislación, jurisprudencia 
250 |a 1a. ed 
300 |a 407 p 
942 |c BK 
945 |d 20091126 00:00:00  |a rbrito 
260 |a Santiago  |b El Jurista  |c 2009 
650 0 |a Violencia intrafamiliar  |9 312986 
650 7 |a JUZGADOS DE FAMILIA  |2 CL-VaPUC  |9 544129 
650 0 |a Jurisprudencia  |9 255952 
650 0 |a Recurso de nulidad  |9 494481 
650 0 |a Recurso de apelación  |9 380716 
583 |a last modification  |c 20091126 00:00:00  |k Rodrigo Vera 
999 |c 338154  |d 338152 
952 |0 0  |1 0  |4 0  |6 362_829200000000000_DEP_2009  |7 0  |8 A  |9 431018  |a BIBDER  |b BIBDER  |d 2019-11-22  |i 4621786  |l 1  |o 362.8292 DEP 2009  |p 4621786  |r 2023-01-25  |s 2022-06-24  |w 2019-11-22  |y BK  |k DER